Lo impuro y lo contaminado : (Record no. 999)

MARC details
000 -LEADER
campo de control de longitud fija 01005nam a22002177a 4500
008 - DATOS DE LONGITUD FIJA--INFORMACIÓN GENERAL
campo de control de longitud fija 160806s2007 pe||||| |||| 00| 0 spa d
082 04 - NÚMERO DE LA CLASIFICACIÓN DECIMAL DEWEY
Número de clasificación 708
Número de ítem B942i
100 ## - ENTRADA PRINCIPAL--NOMBRE DE PERSONA
Nombre de persona Buntinx, Gustavo.
9 (RLIN) 168
245 13 - MENCIÓN DEL TÍTULO
Título Lo impuro y lo contaminado :
Resto del título pulsiones (neo)barrocas en las rutas de micromuseo ("al fondo hay sitio") /
Mención de responsabilidad, etc. curaduría por Gustavo Buntinx.
250 ## - MENCION DE EDICION
Mención de edición 1a ed.
260 ## - PUBLICACIÓN, DISTRIBUCIÓN, ETC.
Lugar de publicación, distribución, etc. Lima, Perú :
Nombre del editor, distribuidor, etc. Micromuseo,
Fecha de publicación, distribución, etc. 2007.
300 ## - DESCRIPCIÓN FÍSICA
Extensión 67 p.
500 ## - NOTA GENERAL
Nota general Este catálogo fue publicado junto a la presentación de Micromuseo ("al fondo hay sitio") en el proyecto "Otras contemporaneidades. Convivencias conflictivas", curado por Ticio escobar y Kevin Power para el Encuentro entre dos Mares, Bienal de Sao Paulo - Valencia, realizado en Valencia y Sagunto entre marzo y junio de 2007.
653 10 - TÉRMINO DE INDIZACIÓN--NO CONTROLADO
Término no controlado Arte contemporáneo
653 10 - TÉRMINO DE INDIZACIÓN--NO CONTROLADO
Término no controlado Arte - Perú
653 10 - TÉRMINO DE INDIZACIÓN--NO CONTROLADO
Término no controlado Catálogo de exhibición
653 10 - TÉRMINO DE INDIZACIÓN--NO CONTROLADO
Término no controlado Exhibiciones
653 10 - TÉRMINO DE INDIZACIÓN--NO CONTROLADO
Término no controlado Pintura
653 10 - TÉRMINO DE INDIZACIÓN--NO CONTROLADO
Término no controlado Instalaciones
653 10 - TÉRMINO DE INDIZACIÓN--NO CONTROLADO
Término no controlado Bienal de Sao Paulo - Valencia.
Holdings
Estatus retirado Estado de pérdida Fuente del sistema de clasificación o colocación Estado de daño No para préstamo Biblioteca de origen Biblioteca actual Ubicación en estantería Fecha de adquisición Total de préstamos Signatura topográfica completa Código de barras Visto por última vez Precio de reemplazo Tipo de ítem Koha
    Clasificación Decimal Dewey     Biblioteca LadoV Biblioteca LadoV   06/08/2016   708 B942i 003861 06/08/2016 06/08/2016 Material 01
    Clasificación Decimal Dewey     Biblioteca LadoV Biblioteca LadoV   07/08/2019   708 B942i 001518 07/08/2019 07/08/2019 Material 01